| 000 | 00604nam a2200205Ia 4500 | ||
|---|---|---|---|
| 005 | 20260415173410.0 | ||
| 008 | 008 250505s9999 xx 000 0 eng d | ||
| 020 | _a978-93-54359-06-4 | ||
| 037 | _aReference | ||
| 040 |
_aFEDL _beng _cFEDL |
||
| 041 |
_aeng _2eng |
||
| 084 |
_a616.891 4 FIN/RR _qFEDL |
||
| 100 |
_aFinlay Linda _9452290 |
||
| 245 | 0 | _aTherapeutic use of self in counselling and psychotherapy | |
| 260 |
_aLondon, UK _bSage _c2022 |
||
| 300 | _axiv, 191p. | ||
| 365 |
_aGBP _b27.99 |
||
| 942 |
_cREF _h616.891 4 FIN/RR |
||
| 999 |
_c1400008 _d1400008 |
||